000
00278nam a2200109Ia 4500
008
230907s9999||||xx |||||||||||||| ||und||
082
_a
720.28
_b
RAF
100
_a
Rafailidis, Georg,
_9
115991
245
0
_a
Processes of creating space :
300
_a
vi, 247 pages ;
942
_c
BK
999
_c
600670
_d
600670